Mexico : lonely planet.
| Format: | Book |
|---|---|
| Published: |
Victoria:
Lonely Planet Publications,
2012.
|
| Edition: | 13th ed. |
| Series: | Lonely planet
|
| Subjects: |
| LEADER | 00498cam a2200169 7i4500 | ||
|---|---|---|---|
| 001 | 0000029168 | ||
| 005 | 20130711090000.0 | ||
| 020 | 0 | 0 | |a 9781742200163 |
| 090 | 0 | 0 | |a MEXC 910.202 |b MEX |
| 245 | 0 | 0 | |a Mexico : |b lonely planet. |
| 250 | 0 | 0 | |a 13th ed. |
| 260 | 0 | 0 | |a Victoria: |b Lonely Planet Publications, |c 2012. |
| 440 | 0 | 0 | |a Lonely planet |
| 650 | 0 | 0 | |a Mexico -- |x Guidebooks |
| 650 | 0 | 0 | |a Description and travel -- |x Guidebooks |
| 651 | 0 | 0 | |a Mexico |
| 999 | |a B000032601 |b Book |c Countries |e Business Information Centre | ||


